[Event "Zalakaros op 23rd"]
[Site "Zalakaros"]
[Date "2004.05.19"]
[Round "6"]
[White "Huszar, Attila"]
[Black "Mrkonjic, Nenad"]
[Result "1-0"]
[WhiteElo "2170"]
[BlackElo "2347"]
[PlyCount "103"]
[EventDate "2004.05.14"]
[EventType "swiss"]
[EventRounds "9"]
[EventCountry "HUN"]
[SourceTitle "EXT 2008"]
[Source "ChessBase"]
[SourceDate "2007.11.25"]
[SourceVersion "1"]
[SourceVersionDate "2007.11.25"]
[SourceQuality "1"]

1. Nf3 d5 2. d4 c6 3. c4 Nf6 4. Nc3 e6 5. cxd5 Nxd5 6. e4 Nxc3 7. bxc3 c5 8. Bb5+ Bd7 9. Bxd7+ Nxd7 10. Rb1 cxd4 11. cxd4 Qa5+ 12. Bd2 Qa6 13. Qe2 Qxe2+ 14. Kxe2 b6 15. Rhc1 Nf6 16. Kd3 Be7 17. Rc7 Nd7 18. Rbc1 Bd8 19. Rc8 Rxc8 20. Rxc8 0-0 21. Ra8 a5 22. Ra7 Nb8 23. d5 exd5 24. exd5 Bf6 25. Bf4 Rd8 26. Bc7 Rxd5+ 27. Ke4 Rc5 28. Ra8 h6 29. Rxb8+ Kh7 30. Bxb6 Rc2 31. Ra8 Rb2 32. Bd4 Bxd4 33. Kxd4 Rxf2 34. Rxa5 Rxg2 35. h4 Kg6 36. Ke3 Kf6 37. Kf4 g6 38. a4 Ke6 39. Ra7 f6 40. Ra6+ Ke7 41. a5 h5 42. Ra7+ Kd6 43. Ra6+ Ke7 44. Rb6 Rg4+ 45. Ke3 Ra4 46. a6 g5 47. Nd4 gxh4 48. Nb5 h3 49. Kf2 Rg4 50. a7 Rg8 51. Nc7 h2 52. Rb1 1-0

[Event "Zalakaros op 23rd"]
[Site "Zalakaros"]
[Date "2004.05.15"]
[Round "2"]
[White "Huszar, Attila"]
[Black "Zakharchenko, Arnold"]
[Result "0-1"]
[WhiteElo "2170"]
[BlackElo "2362"]
[PlyCount "56"]
[EventDate "2004.05.14"]
[EventType "swiss"]
[EventRounds "9"]
[EventCountry "HUN"]
[SourceTitle "EXT 2008"]
[Source "ChessBase"]
[SourceDate "2007.11.25"]
[SourceVersion "1"]
[SourceVersionDate "2007.11.25"]
[SourceQuality "1"]

1. c4 e5 2. g3 Nf6 3. Bg2 d5 4. cxd5 Nxd5 5. Nf3 Nc6 6. d3 Be7 7. 0-0 0-0 8. a3 a5 9. Bd2 Be6 10. Nc3 Qd7 11. Rc1 Nxc3 12. Bxc3 f6 13. d4 e4 14. Nd2 f5 15. e3 a4 16. f3 exf3 17. Bxf3 Bd5 18. e4 fxe4 19. Nxe4 Rad8 20. Qe2 Rfe8 21. Qg2 Nxd4 22. Bxd4 Bxe4 23. Rcd1 Bxf3 24. Qxf3 Qd5 25. Qg4 g6 26. Bc3 Qb3 27. Bd4 Qc4 28. Qf3 Rxd4 0-1

[Event "Zalakaros op 19th"]
[Site "Zalakaros"]
[Date "2000.05.26"]
[Round "8"]
[White "Huszar, Attila"]
[Black "Tancsa, Robert"]
[Result "1-0"]
[WhiteElo "2146"]
[BlackElo "2250"]
[PlyCount "85"]
[EventDate "2000.05.??"]
[EventType "swiss"]
[EventRounds "9"]
[EventCountry "HUN"]
[SourceTitle "EXT 2002"]
[Source "ChessBase"]
[SourceDate "2001.11.25"]
[SourceVersion "1"]
[SourceVersionDate "2001.11.25"]
[SourceQuality "1"]

1. d4 Nf6 2. Nf3 g6 3. g3 Bg7 4. Bg2 0-0 5. 0-0 d6 6. c4 Nc6 7. Nc3 a6 8. d5 Na5 9. Nd2 c5 10. Rb1 e6 11. dxe6 Bxe6 12. Nde4 Nxe4 13. Nxe4 Bxc4 14. b3 Bb5 15. Bg5 f6 16. Bf4 Re8 17. Nxd6 Re7 18. Qd5+ Kf8 19. Nxb5 Qxd5 20. Bxd5 axb5 21. Bd6 Rd8 22. Bxe7+ Kxe7 23. Rfd1 b4 24. Rd3 f5 25. Rbd1 b5 26. Bf3 Rxd3 27. exd3 c4 28. dxc4 bxc4 29. bxc4 Nxc4 30. Bd5 Nd6 31. Re1+ Kd7 32. Be6+ Kc6 33. Bb3 Ne4 34. f3 Bd4+ 35. Kg2 Nf6 36. Re7 Kd6 37. Rb7 Kc5 38. Kf1 Bc3 39. Ke2 Kc6 40. Rf7 Kd6 41. Kd3 Ke5 42. a4 f4 43. g4 1-0

[Event "Zalakaros op 19th"]
[Site "Zalakaros"]
[Date "2000.05.19"]
[Round "1"]
[White "Lukacs, Peter"]
[Black "Huszar, Attila"]
[Result "1/2-1/2"]
[WhiteElo "2460"]
[BlackElo "2146"]
[PlyCount "94"]
[EventDate "2000.05.??"]
[EventType "swiss"]
[EventRounds "9"]
[EventCountry "HUN"]
[SourceTitle "EXT 2002"]
[Source "ChessBase"]
[SourceDate "2001.11.25"]
[SourceVersion "1"]
[SourceVersionDate "2001.11.25"]
[SourceQuality "1"]

1. d4 d5 2. c4 e6 3. Nf3 Nf6 4. Bg5 Be7 5. Nc3 h6 6. Bh4 0-0 7. e3 Nbd7 8. Bd3 b6 9. cxd5 exd5 10. 0-0 Bb7 11. Rc1 Ne4 12. Bxe7 Qxe7 13. Qe2 c5 14. dxc5 Ndxc5 15. Rfd1 Rac8 16. Bb1 Nxc3 17. Rxc3 Ne4 18. Rxc8 Rxc8 19. Nd4 Rc5 20. Bd3 Qe8 21. h3 Qc8 22. Qg4 Qxg4 23. hxg4 Nd6 24. Be2 Kf8 25. Rb1 Ne4 26. Bd3 Nd6 27. f3 Nc4 28. b3 Ne5 29. Be2 Nc6 30. Nxc6 Rxc6 31. Rb2 Rc3 32. Kf2 Ke7 33. Rd2 Rc7 34. Bd3 Rc3 35. Be2 Rc7 36. f4 Rc3 37. Bf3 Ke6 38. Be2 Rc7 39. Bd3 Rc3 40. g3 Rc7 41. Ke2 Ke7 42. Rc2 Rxc2+ 43. Bxc2 Kd6 44. Kd3 Ba6+ 45. Kd4 Be2 46. g5 hxg5 47. fxg5 Bf3 1/2-1/2

[Event "HUN-chT2 9900"]
[Site "Hungary"]
[Date "2000.03.05"]
[Round "9"]
[White "Sandor, Attila"]
[Black "Huszar, Attila"]
[Result "1/2-1/2"]
[WhiteElo "2105"]
[BlackElo "2146"]
[PlyCount "27"]
[EventDate "1999.09.26"]
[EventType "team"]
[EventRounds "11"]
[EventCountry "HUN"]
[SourceTitle "EXT 2002"]
[Source "ChessBase"]
[SourceDate "2001.11.25"]
[SourceVersion "1"]
[SourceVersionDate "2001.11.25"]
[SourceQuality "1"]

1. d4 d5 2. Bf4 Bf5 3. Nf3 e6 4. e3 Bd6 5. Bg3 Nf6 6. Be2 0-0 7. 0-0 Bxg3 8. hxg3 h6 9. Nbd2 Nbd7 10. Bd3 Bxd3 11. cxd3 c5 12. dxc5 Nxc5 13. Nb3 Rc8 14. Rc1 1/2-1/2

[Event "HUN-chT2 9899"]
[Site "Hungary"]
[Date "1998.??.??"]
[Round "?"]
[White "Huszar, Attila"]
[Black "Szabo, Gergely Andras"]
[Result "0-1"]
[WhiteElo "2185"]
[BlackElo "2235"]
[PlyCount "84"]
[EventDate "1998.??.??"]
[EventType "team"]
[EventRounds "12"]
[EventCountry "HUN"]
[SourceTitle "EXT 2000"]
[Source "ChessBase"]
[SourceDate "1999.11.16"]
[SourceVersion "1"]
[SourceVersionDate "1999.11.16"]
[SourceQuality "1"]

1. d4 d5 2. Nf3 Nc6 3. Bf4 Bg4 4. e3 Nf6 5. c3 Nh5 6. Bg3 Nxg3 7. hxg3 Bxf3 8. Qxf3 e5 9. dxe5 Nxe5 10. Qf5 Qd6 11. Rh5 f6 12. Rxh7 g6 13. Qh3 Rxh7 14. Qxh7 0-0-0 15. Qh4 Qb6 16. b3 c5 17. f4 Nc4 18. Bxc4 dxc4 19. f5 cxb3 20. axb3 Qxb3 21. Qg4 Qb2 22. fxg6+ Rd7 23. Rxa7 Qxb1+ 24. Kf2 Qc2+ 25. Kg1 Qd1+ 26. Qxd1 Rxd1+ 27. Kf2 Kc7 28. Ra4 Rd5 29. Ra8 Rd8 30. Ra4 Bh6 31. Rh4 Rh8 32. Kf3 Bg7 33. Rh7 Rxh7 34. gxh7 Kd6 35. g4 b5 36. Kf4 b4 37. cxb4 cxb4 38. Kf5 b3 39. Kg6 Bh8 40. Kf7 b2 41. Kg8 b1Q 42. Kxh8 Qg6 0-1